[Event "Gligoric Cup 11th"]
[Site "Paracin"]
[Date "2025.05.24"]
[Round "4.1"]
[White "Nestorovic, Dejan"]
[Black "Ivanov, Mikhail M"]
[Result "1/2-1/2"]
[WhiteElo "2304"]
[BlackElo "2240"]
[PlyCount "95"]
[EventDate "2025.05.22"]
[EventType "team-swiss"]
[EventRounds "5"]
[EventCountry "SRB"]
[SourceTitle "CB22_2025"]
[SourceDate "2025.05.28"]
[SourceVersion "1"]
[SourceVersionDate "2025.05.28"]
[SourceQuality "1"]
[WhiteTeam "Coka Proleter"]
[BlackTeam "Belgrade Radnicki"]
[WhiteTeamCountry "SRB"]
[BlackTeamCountry "SRB"]

1. d4 g6 2. c4 Bg7 3. e4 c5 4. d5 d6 5. Nc3 e5 6. Bd3 Ne7 7. g4 0-0 8. g5 f5 9. f3 fxe4 10. fxe4 Na6 11. Be3 Nc7 12. h4 a6 13. a4 b6 14. Qe2 Bd7 15. Kd2 b5 16. b3 bxa4 17. Nxa4 Qb8 18. Bc2 Nb5 19. Nxc5 dxc5 20. cxb5 Bxb5 21. Bd3 Nxd5 22. Bc4 Bxc4 23. Qxc4 Qb4+ 24. Qxb4 Nxb4 25. Bxc5 Rfd8+ 26. Ke2 Nd3 27. Be3 Nf4+ 28. Bxf4 exf4 29. Rd1 Rxd1 30. Kxd1 Re8 31. Nf3 Rxe4 32. Re1 Rxe1+ 33. Nxe1 Kf7 34. Ke2 Ke6 35. Kf3 Ke5 36. Nd3+ Kd4 37. Nb4 Bf8 38. Nxa6 Bd6 39. b4 Kc4 40. Nc5 Bxc5 41. bxc5 Kxc5 42. Kxf4 Kd4 43. Kg4 Ke4 44. h5 Ke5 45. hxg6 hxg6 46. Kg3 Kf5 47. Kf3 Kxg5 48. Kg3 1/2-1/2

[Event "Gligoric Cup 11th"]
[Site "Paracin"]
[Date "2025.05.22"]
[Round "1.2"]
[White "Ivanov, Mikhail M"]
[Black "Omorjan, Dejan"]
[Result "1-0"]
[WhiteElo "2240"]
[BlackElo "2368"]
[PlyCount "80"]
[EventDate "2025.05.22"]
[EventType "team-swiss"]
[EventRounds "5"]
[EventCountry "SRB"]
[SourceTitle "CB22_2025"]
[SourceDate "2025.05.28"]
[SourceVersion "1"]
[SourceVersionDate "2025.05.28"]
[SourceQuality "1"]
[WhiteTeam "Belgrade Radnicki"]
[BlackTeam "Novi Sad"]
[WhiteTeamCountry "SRB"]
[BlackTeamCountry "SRB"]

1. Nf3 c5 2. c4 Nf6 3. g3 b6 4. Bg2 Bb7 5. 0-0 g6 6. b3 Bg7 7. Bb2 0-0 8. Nc3 Qc8 9. Qc2 d6 10. d3 Nbd7 11. e4 a6 12. Nd5 Qd8 13. d4 cxd4 14. Nxd4 e5 15. Nxf6+ Nxf6 16. Ne2 b5 17. Rfd1 Qb6 18. cxb5 axb5 19. Nc3 Rfd8 20. Qe2 Bc6 21. b4 Bd7 22. h3 Rab8 23. Bc1 Rdc8 24. Be3 Qa6 25. Qb2 Rc6 26. Bg5 Qc8 27. Bxf6 Bxf6 28. Nd5 Bd8 29. Rac1 Ra8 30. a3 Raa6 31. h4 Bg4 32. Re1 Be6 33. Kh2 Qa8 34. Rxc6 Qxc6 35. Rc1 Qa8 36. Rc3 Qa7 37. Qe2 Bd7 38. Bh3 Bc6 39. h5 Qa8 40. Qe3 Qb7 1-0

[Event "Paracin Prestige op"]
[Site "Paracin"]
[Date "2025.01.16"]
[Round "6"]
[White "Ivanov, Mikhail M"]
[Black "Perunovic, Uros"]
[Result "1/2-1/2"]
[WhiteElo "2265"]
[BlackElo "1907"]
[PlyCount "52"]
[EventDate "2025.01.11"]
[EventType "swiss"]
[EventRounds "9"]
[EventCountry "SRB"]
[SourceTitle "CB05_2025"]
[SourceDate "2025.01.29"]
[SourceVersion "1"]
[SourceVersionDate "2025.01.29"]
[SourceQuality "1"]

1. c4 Nf6 2. Nc3 g6 3. e4 d6 4. d4 Bg7 5. Be2 0-0 6. Be3 e5 7. d5 a5 8. g4 Na6 9. h4 Nc5 10. f3 h5 11. g5 Nh7 12. Nh3 Bxh3 13. Rxh3 f6 14. gxf6 Bxf6 15. Bf2 Be7 16. Kd2 Rf4 17. Qh1 a4 18. Rg1 Nf8 19. Rg2 Kh7 20. Bg3 Rf7 21. Kc2 a3 22. b3 c6 23. Bf2 Rf4 24. Bg3 Rf7 25. Bf2 Rf4 26. Bg3 Rf7 1/2-1/2

[Event "Belgrade Radnicki 10"]
[Site "Belgrade"]
[Date "2024.10.29"]
[Round "1"]
[White "Ivanov, Mikhail M"]
[Black "Milosevic, Milos"]
[Result "1/2-1/2"]
[WhiteElo "2257"]
[BlackElo "2315"]
[PlyCount "25"]
[EventDate "2024.10.29"]
[EventType "tourn"]
[EventRounds "9"]
[EventCountry "SRB"]
[EventCategory "1"]
[SourceTitle "CB45_2024"]
[Source "ChessBase"]
[SourceDate "2024.11.06"]
[SourceVersion "1"]
[SourceVersionDate "2024.11.06"]
[SourceQuality "1"]

1. d4 f5 2. Nf3 Nf6 3. Bg5 d5 4. e3 e6 5. Bd3 c5 6. dxc5 Bxc5 7. Nc3 Nc6 8. Bb5 0-0 9. 0-0 h6 10. Bf4 Ne4 11. Ne2 Qb6 12. Bxc6 bxc6 13. Be5 1/2-1/2

[Event "SRB Central-ch op"]
[Site "Nis"]
[Date "2024.08.22"]
[Round "7"]
[White "Davidov, Lazar"]
[Black "Ivanov, Mikhail M"]
[Result "0-1"]
[WhiteElo "2008"]
[BlackElo "2269"]
[PlyCount "87"]
[EventDate "2024.08.17"]
[EventType "swiss"]
[EventRounds "9"]
[EventCountry "SRB"]
[SourceTitle "CBM 221 Extra"]
[Source "ChessBase"]
[SourceDate "2024.09.30"]
[SourceVersion "1"]
[SourceVersionDate "2024.09.30"]
[SourceQuality "1"]

1. d4 g6 2. Nf3 Bg7 3. c4 c5 4. Nc3 cxd4 5. Nxd4 Nc6 6. e3 Nh6 7. Bd3 d6 8. 0-0 0-0 9. h3 f5 10. Nce2 e5 11. Nxc6 bxc6 12. f4 Be6 13. c5 e4 14. Bc2 dxc5 15. Nc3 Qe7 16. Qe2 c4 17. Bd2 Rab8 18. Rab1 Nf7 19. Na4 Nd6 20. Bc3 Bxc3 21. Nxc3 Nb5 22. Qe1 Rfd8 23. Rf2 Nc7 24. Rd2 Na6 25. Rxd8+ Qxd8 26. Qd1 Qb6 27. Qe2 Nb4 28. Kf2 Kf7 29. g4 Qd8 30. Kg3 Qf6 31. g5 Qg7 32. Rd1 Nd3 33. Bxd3 cxd3 34. Qf2 h6 35. h4 hxg5 36. fxg5 Qe5+ 37. Kg2 Kg7 38. Rd2 Bd5 39. Kg1 Rf8 40. Qf4 Qxf4 41. exf4 Rh8 42. Rh2 e3 43. Kf1 Re8 44. Rh3 0-1

[Event "Belgrade Serbia op"]
[Site "Belgrade"]
[Date "2024.07.21"]
[Round "9"]
[White "Agibileg, Uurtsaikh"]
[Black "Ivanov, Mikhail M"]
[Result "1-0"]
[WhiteElo "2418"]
[BlackElo "2252"]
[PlyCount "85"]
[EventDate "2024.07.12"]
[EventType "swiss"]
[EventRounds "9"]
[EventCountry "SRB"]
[SourceTitle "CBM 221 Extra"]
[Source "ChessBase"]
[SourceDate "2024.09.30"]
[SourceVersion "1"]
[SourceVersionDate "2024.09.30"]
[SourceQuality "1"]

1. d4 d6 2. c4 g6 3. Nc3 Bg7 4. e4 e5 5. d5 a5 6. Bd3 Na6 7. Nge2 Bd7 8. 0-0 Nf6 9. a3 0-0 10. Rb1 Nc5 11. Bc2 a4 12. Be3 Qe8 13. Bxc5 dxc5 14. d6 cxd6 15. Qxd6 Qb8 16. Rfd1 Be6 17. Qxb8 Rfxb8 18. Bd3 Ne8 19. Nb5 Rd8 20. Nec3 Bh6 21. Nd5 Bxd5 22. cxd5 Nd6 23. Nxd6 Rxd6 24. b4 axb3 25. Rxb3 Ra4 26. Rxb7 c4 27. Bb1 Rxa3 28. Kf1 c3 29. Ke2 Bd2 30. Bc2 h5 31. h4 Rf6 32. f3 g5 33. hxg5 Rg6 34. Rh1 Rxg5 35. d6 Ra8 36. Bb3 Rxg2+ 37. Kd3 Rd8 38. Bxf7+ Kf8 39. Rxh5 Rxd6+ 40. Bd5 Bh6 41. Rxe5 Bg5 42. Rf7+ Kg8 43. Re8# 1-0

[Event "Belgrade Serbia op"]
[Site "Belgrade"]
[Date "2024.07.18"]
[Round "6"]
[White "Alexiadis, Hristos"]
[Black "Ivanov, Mikhail M"]
[Result "1/2-1/2"]
[WhiteElo "2378"]
[BlackElo "2252"]
[PlyCount "115"]
[EventDate "2024.07.12"]
[EventType "swiss"]
[EventRounds "9"]
[EventCountry "SRB"]
[SourceTitle "CBM 221 Extra"]
[Source "ChessBase"]
[SourceDate "2024.09.30"]
[SourceVersion "1"]
[SourceVersionDate "2024.09.30"]
[SourceQuality "1"]

1. Nf3 c5 2. g3 g6 3. Bg2 Bg7 4. 0-0 Nc6 5. d3 d5 6. c4 d4 7. Nbd2 Nf6 8. Nb3 Nd7 9. e3 0-0 10. Re1 h6 11. exd4 cxd4 12. Bd2 a5 13. a4 e5 14. c5 Kh7 15. Qc2 Qc7 16. Rac1 Nf6 17. Re2 Be6 18. Rce1 Nd5 19. Qd1 Rfe8 20. Re4 Bf6 21. Bc1 Ndb4 22. Na1 Bf5 23. g4 Bxe4 24. Rxe4 Bg7 25. g5 h5 26. Nb3 Nd5 27. Nfd2 Nf4 28. Nc4 Nxg2 29. Kxg2 Re6 30. Bd2 f5 31. gxf6 Rxf6 32. Qe1 Raf8 33. Nbxa5 Rxf2+ 34. Qxf2 Rxf2+ 35. Kxf2 Ne7 36. b4 Nd5 37. Nd6 b6 38. Nac4 bxc5 39. bxc5 Qxc5 40. Kg2 Nc3 41. Re1 Nxa4 42. Ne4 Qd5 43. Rc1 h4 44. h3 Bh6 45. Kg1 Qe6 46. Ra1 Bxd2 47. Rxa4 Bh6 48. Ra7+ Kg8 49. Ra8+ Bf8 50. Kg2 Qc6 51. Re8 Qa4 52. Rxe5 Qc2+ 53. Nf2 Bh6 54. Re4 Be3 55. Nxe3 dxe3 56. Rxe3 Kg7 57. Re4 g5 58. Rg4 1/2-1/2

[Event "Paracin op-A 17th"]
[Site "Paracin"]
[Date "2024.07.11"]
[Round "9"]
[White "Ivanov, Mikhail M"]
[Black "Prohaszka, Peter"]
[Result "0-1"]
[WhiteElo "2252"]
[BlackElo "2569"]
[PlyCount "116"]
[EventDate "2024.07.03"]
[EventType "swiss"]
[EventRounds "9"]
[EventCountry "SRB"]
[SourceTitle "CBM 221 Extra"]
[Source "ChessBase"]
[SourceDate "2024.09.30"]
[SourceVersion "1"]
[SourceVersionDate "2024.09.30"]
[SourceQuality "1"]

1. Nf3 d5 2. c4 e6 3. g3 Nf6 4. Bg2 Be7 5. d4 0-0 6. Nc3 c6 7. 0-0 a5 8. Nd2 b6 9. b3 Ba6 10. Bb2 b5 11. Qc2 Nbd7 12. Rfe1 Rc8 13. c5 b4 14. Na4 Bb5 15. h3 Qc7 16. a3 Rfe8 17. axb4 axb4 18. e4 dxe4 19. Nc4 Ra8 20. Bxe4 Nxe4 21. Rxe4 Nf6 22. Ree1 Nd5 23. Nab6 Rxa1 24. Rxa1 Bxc4 25. Nxc4 Rd8 26. Ra4 Bf6 27. Kg2 h6 28. Qc1 Qd7 29. Qc2 Qb7 30. Kh2 Qb8 31. Nd6 Be7 32. Ne4 h5 33. Qe2 h4 34. Ra1 hxg3+ 35. fxg3 Nc3 36. Bxc3 bxc3 37. Qc4 c2 38. Rc1 Qa8 39. Rxc2 Qa1 40. Rd2 Qb1 41. Qd3 Qxd3 42. Rxd3 f5 43. Nf2 Bf6 44. g4 g6 45. Kg2 Bxd4 46. b4 Kf7 47. Ra3 e5 48. Ra6 Rb8 49. Nd3 e4 50. Nf4 Be5 51. Ra7+ Kf6 52. g5+ Kxg5 53. Ne6+ Kf6 54. Nc7 Rxb4 55. Ne8+ Kg5 56. Nd6 Rb2+ 57. Kf1 Bxd6 58. cxd6 Rd2 0-1

[Event "Paracin op-A 17th"]
[Site "Paracin"]
[Date "2024.07.10"]
[Round "8"]
[White "Atalik, Suat"]
[Black "Ivanov, Mikhail M"]
[Result "0-1"]
[WhiteElo "2456"]
[BlackElo "2252"]
[PlyCount "128"]
[EventDate "2024.07.03"]
[EventType "swiss"]
[EventRounds "9"]
[EventCountry "SRB"]
[SourceTitle "CBM 221 Extra"]
[Source "ChessBase"]
[SourceDate "2024.09.30"]
[SourceVersion "1"]
[SourceVersionDate "2024.09.30"]
[SourceQuality "1"]

1. d4 d6 2. Nf3 g6 3. c4 Bg7 4. Nc3 c5 5. g3 cxd4 6. Nxd4 Nc6 7. Nxc6 bxc6 8. Bg2 Bd7 9. 0-0 Rb8 10. c5 d5 11. e4 d4 12. Na4 h5 13. e5 Bxe5 14. Re1 Bf6 15. Bf4 Rc8 16. Qd2 h4 17. Bf3 hxg3 18. hxg3 Kf8 19. Rad1 Bh3 20. Nc3 Qd7 21. Ne4 Bg4 22. Qe2 Bxf3 23. Qxf3 Qd5 24. Rd3 Rd8 25. Kg2 Bg7 26. b4 Nf6 27. Ra3 Qd7 28. Ng5 d3 29. Rd1 Nd5 30. Rxa7 Qf5 31. Bd2 Bf6 32. Qxf5 gxf5 33. f4 Kg7 34. Nf3 Ra8 35. Ra5 Rxa5 36. bxa5 Rb8 37. Ne1 Rb2 38. Nxd3 Rxa2 39. Kf3 Ra3 40. Ke2 Bc3 41. Ne5 Rxa5 42. Nxc6 Rxc5 43. Ne5 Bxe5 44. fxe5 Nc3+ 45. Bxc3 Rxc3 46. Kf2 e6 47. Ra1 Kg6 48. Ra5 Kg5 49. Ra7 Kg6 50. Ra5 Rb3 51. Rc5 Ra3 52. Rb5 Rd3 53. Rb1 Rd5 54. Re1 Ra5 55. Kf3 Kg5 56. Rh1 Rxe5 57. Rh8 Ra5 58. Rf8 Ra3+ 59. Kf2 Kf6 60. Rb8 e5 61. Rb7 e4 62. Rb6+ Kg5 63. Rb7 Rf3+ 64. Kg2 Kg4 0-1

[Event "Vojvodina op 14th"]
[Site "Novi Sad"]
[Date "2024.06.26"]
[Round "3"]
[White "Sedlak, Nikola"]
[Black "Ivanov, Mikhail M"]
[Result "1-0"]
[WhiteElo "2426"]
[BlackElo "2248"]
[PlyCount "71"]
[EventDate "2024.06.24"]
[EventType "swiss"]
[EventRounds "9"]
[EventCountry "SRB"]
[SourceTitle "CBM 220 Extra"]
[Source "ChessBase"]
[SourceDate "2024.07.31"]
[SourceVersion "1"]
[SourceVersionDate "2024.07.31"]
[SourceQuality "1"]

1. Nf3 Nf6 2. c4 c5 3. Nc3 e6 4. e4 Nc6 5. Be2 e5 6. 0-0 d6 7. a3 g6 8. b4 Bg7 9. bxc5 dxc5 10. d3 0-0 11. Nd5 Nd7 12. Bg5 f6 13. Bd2 Rf7 14. h4 h5 15. a4 Nf8 16. a5 Ne6 17. Re1 g5 18. Nh2 g4 19. Nf1 Ncd4 20. Ng3 Nxe2+ 21. Qxe2 Nd4 22. Qd1 Bh8 23. Be3 Rh7 24. Bxd4 cxd4 25. Re2 Bg7 26. Rb2 Bf8 27. Rab1 Kh8 28. Rb5 Rb8 29. R1b2 Be6 30. Qb1 f5 31. exf5 Bxd5 32. cxd5 Qxh4 33. Rxb7 Rbxb7 34. Rxb7 Rxb7 35. Qxb7 Qg5 36. Qf7 1-0